[Event "30. Staufer-Open (A)"]
[Site "?"]
[Date "2018.01.04"]
[Round "6"]
[White "Kunin, Vitaly"]
[Black "Noe, Christopher"]
[Result "1-0"]
[WhiteElo "2556"]
[BlackElo "2474"]
[PlyCount "51"]
[EventDate "2018.??.??"]
[WhiteTeam "Freibauer Mörlenbach-Birkenau"]
[BlackTeam "SC Eppingen"]

1. d4 Nf6 2. c4 e6 3. Nf3 Bb4+ 4. Nbd2 O-O 5. a3 Be7 6. e4 d5 7. e5 Nfd7 8. Bd3
c5 9. Qc2 g6 10. h4 Nc6 11. h5 cxd4 12. hxg6 hxg6 13. Bxg6 Ndxe5 14. Nxe5 Nxe5
15. Bh7+ Kg7 16. Nf3 Ng4 17. Ne5 f5 18. Nxg4 Rh8 19. Qd2 Bg5 20. Qxd4+ Bf6 21.
Nxf6 Qxf6 22. Bh6+ Kf7 23. Bg6+ Kxg6 24. Qxf6+ Kxf6 25. Bg5+ Kg7 26. Bf6+ 1-0

[Event "30. Staufer-Open (A)"]
[Site "?"]
[Date "2018.01.04"]
[Round "6"]
[White "Kjartansson, Gudmundur"]
[Black "Lampert, Jonas"]
[Result "0-1"]
[WhiteElo "2438"]
[BlackElo "2518"]
[PlyCount "151"]
[EventDate "2018.??.??"]
[BlackTeam "Hamburger SK von 1830 eV"]

1. e4 e5 2. Nf3 Nc6 3. Bb5 a6 4. Ba4 g6 5. c3 d6 6. d4 Bd7 7. O-O Bg7 8. Re1 b5
9. Bc2 Nf6 10. a4 O-O 11. axb5 axb5 12. Rxa8 Qxa8 13. Na3 exd4 14. cxd4 b4 15.
Nc4 Bg4 16. d5 Bxf3 17. Qxf3 Nd4 18. Qd1 Nxc2 19. Qxc2 Re8 20. Bd2 Nxe4 21.
Bxb4 Qxd5 22. Nd2 Nf6 23. Rxe8+ Nxe8 24. Bc3 c5 25. b4 Bxc3 26. Qxc3 Nc7 27.
bxc5 dxc5 28. f3 Nb5 29. Qe3 Nd6 30. Kf2 h5 31. Qc3 Qf5 32. Ke2 f6 33. Nf1 Kf7
34. Ne3 Qc8 35. Nd5 Qe6+ 36. Ne3 Qa2+ 37. Ke1 Qb1+ 38. Kf2 Qb4 39. Qd3 Qb2+ 40.
Ke1 Qe5 41. Kf2 f5 42. g3 g5 43. Nc4 Nxc4 44. Qxc4+ Ke7 45. Qg8 g4 46. f4 Qd4+
47. Ke2 Qf6 48. Kd3 Qd4+ 49. Kc2 Qe4+ 50. Kc3 Qe6 51. Qh8 Kd7 52. Qb8 Qe3+ 53.
Kc2 Qe4+ 54. Kc3 Qd4+ 55. Kc2 Qc4+ 56. Kd1 Qd3+ 57. Kc1 Qc3+ 58. Kd1 Qd3+ 59.
Kc1 c4 60. Qb5+ Kd6 61. Qe5+ Kc6 62. Qe6+ Kc5 63. Qe5+ Qd5 64. Qe3+ Qd4 65.
Qe7+ Qd6 66. Qa7+ Kd5 67. Qf7+ Qe6 68. Qxh5 Ke4 69. Qh8 Kf3 70. Kc2 Qe2+ 71.
Kc3 Qd3+ 72. Kb4 Qb3+ 73. Kc5 c3 74. Qa8+ Kf2 75. Qh1 c2 76. h4 0-1

[Event "30. Staufer-Open (A)"]
[Site "?"]
[Date "2018.01.04"]
[Round "6"]
[White "Vorobiov, Evgeny E"]
[Black "Wenninger, Philipp"]
[Result "1/2-1/2"]
[WhiteElo "2547"]
[BlackElo "2349"]
[PlyCount "65"]
[EventDate "2018.??.??"]
[WhiteTeam "SF 90 Spraitbach e.V."]
[BlackTeam "SC Erlangen 48/88"]

1. e4 c6 2. Nf3 d5 3. Nc3 Bg4 4. h3 Bxf3 5. Qxf3 Nf6 6. d3 e6 7. a3 Nbd7 8. g3
g6 9. Bg2 Bg7 10. O-O O-O 11. Qe2 Qb6 12. Kh2 Ne8 13. Nd1 Nd6 14. f4 Rfd8 15.
Be3 Qa6 16. e5 Nf5 17. Bf2 c5 18. c3 Rac8 19. Ne3 Nxe3 20. Bxe3 b5 21. b3 Qb6
22. c4 d4 23. Bd2 bxc4 24. bxc4 Rb8 25. Qd1 Qb3 26. Ba5 Rdc8 27. a4 Qxd1 28.
Rfxd1 Rb2 29. Rab1 Rcb8 30. Rxb2 Rxb2 31. Rd2 Rb3 32. Bc7 Nb8 33. Bxb8 1/2-1/2

[Event "30. Staufer-Open (A)"]
[Site "?"]
[Date "2018.01.04"]
[Round "6"]
[White "Novikov, Stanislav"]
[Black "Gheng, Josef"]
[Result "1-0"]
[WhiteElo "2540"]
[BlackElo "2334"]
[PlyCount "39"]
[EventDate "2018.??.??"]
[BlackTeam "SK Wernau"]

1. e4 c5 2. Nf3 e6 3. d4 cxd4 4. Nxd4 Nf6 5. Nc3 Bb4 6. e5 Nd5 7. Qg4 g6 8. Bd2
f5 9. exf6 Nxf6 10. Qh4 O-O 11. O-O-O Be7 12. Bg5 d5 13. Bd3 Nc6 14. Rhe1 Nxd4
15. Qxd4 Bd7 16. f4 a6 17. f5 gxf5 18. Bxf5 Ne4 19. Bxe7 Qxe7 20. Bxe4 1-0

[Event "30. Staufer-Open (A)"]
[Site "?"]
[Date "2018.01.04"]
[Round "6"]
[White "Zeller, Frank"]
[Black "Burmakin, Vladimir"]
[Result "1/2-1/2"]
[WhiteElo "2379"]
[BlackElo "2526"]
[PlyCount "64"]
[EventDate "2018.??.??"]
[WhiteTeam "SK Schwäbisch Hall"]
[BlackTeam "SF 90 Spraitbach e.V."]

1. c4 e6 2. Nf3 Nf6 3. g3 d5 4. Bg2 Nbd7 5. O-O Be7 6. b3 O-O 7. Bb2 b6 8. cxd5
exd5 9. Nd4 Bb7 10. Nf5 Re8 11. Nxe7+ Qxe7 12. Nc3 Nf8 13. d4 Ne4 14. e3 Nxc3
15. Bxc3 Nd7 16. Rc1 Nf6 17. Re1 Qd7 18. Bb2 Rac8 19. Qd3 Ne4 20. f3 Ng5 21. h4
Ne6 22. e4 c5 23. dxc5 Nxc5 24. Qd4 Ne6 25. Qd2 Rxc1 26. Rxc1 Rd8 27. Bh3 dxe4
28. Qxd7 Rxd7 29. fxe4 h5 30. Bxe6 fxe6 31. Be5 Bxe4 32. Rc7 Rxc7 1/2-1/2

[Event "30. Staufer-Open (A)"]
[Site "?"]
[Date "2018.01.04"]
[Round "6"]
[White "Kantor, Gergely"]
[Black "Michalczak, Thomas"]
[Result "1/2-1/2"]
[WhiteElo "2518"]
[BlackElo "2208"]
[PlyCount "203"]
[EventDate "2018.??.??"]
[BlackTeam "Schachgesellschaft Solingen e.V."]

1. d4 Nf6 2. c4 g6 3. Nc3 Bg7 4. e4 d6 5. Nge2 O-O 6. Ng3 c5 7. d5 e5 8. Be2
Na6 9. h4 h5 10. Bg5 Nc7 11. Bxh5 gxh5 12. Nxh5 Nce8 13. Qf3 a6 14. Nxg7 Kxg7
15. h5 Rg8 16. Qg3 Kh7 17. Qh4 Qb6 18. O-O-O Ng4 19. Bd2 Nh6 20. f3 f6 21. g4
Qd8 22. Ne2 b5 23. Rhg1 Nf7 24. Rdf1 Ra7 25. Ng3 bxc4 26. h6 Rg6 27. Nh5 Ng5
28. Qe1 Re7 29. Bc3 Nf7 30. Qh4 Ng5 31. Rh1 Rf7 32. Ng7 Qe7 33. Qh5 Rf8 34. Bd2
Nxg7 35. hxg7+ Kxg7 36. f4 exf4 37. Bxf4 Rg8 38. Bd2 Nf7 39. g5 Nxg5 40. e5
dxe5 41. d6 Qxd6 42. Be3 Nf7 43. Rfg1 Ng5 44. Bxg5 fxg5 45. Rf1 Rf6 46. Qxg5+
Rg6 47. Qh5 Rf6 48. Rhg1+ Rg6 49. Rxg6+ Qxg6 50. Qxe5+ Kh7 51. Rh1+ Qh6+ 52.
Rxh6+ Kxh6 53. Qxc5 Kg6 54. Qxc4 Re8 55. Kd2 Kf6 56. Kc3 Ke7 57. Kb4 Kd7 58.
Qf7+ Re7 59. Qd5+ Kc7 60. Qc5+ Kd7 61. Ka5 Re6 62. b3 Bb7 63. Qf5 Bc8 64. Qf7+
Kc6 65. Qg7 Rd6 66. Qc3+ Kb7 67. Qb4+ Kc7 68. Qc5+ Rc6 69. Qa7+ Bb7 70. a4 Kc8
71. b4 Rd6 72. Qc5+ Rc6 73. Qf8+ Kc7 74. b5 axb5 75. axb5 Rd6 76. Qe7+ Rd7 77.
Qc5+ Kb8 78. Kb6 Bc8 79. Qe5+ Ka8 80. Kc6 Rh7 81. Qe8 Kb8 82. Qe5+ Ka8 83. Qe3
Rd7 84. Qe8 Kb8 85. Qe5+ Ka8 86. b6 Rh7 87. Kc5 Rd7 88. Qe4+ Kb8 89. Qf4+ Ka8
90. Qf8 Kb8 91. Qg8 Rb7 92. Qg3+ Ka8 93. Qf3 Kb8 94. Qf4+ Ka8 95. Qe4 Kb8 96.
Qe5+ Ka8 97. Qd5 Kb8 98. Qd6+ Ka8 99. Kc6 Rd7 100. Qxd7 Bxd7+ 101. Kc7 Bc8 102.
Kxc8 1/2-1/2

[Event "30. Staufer-Open (A)"]
[Site "?"]
[Date "2018.01.04"]
[Round "6"]
[White "Schitco, Ivan"]
[Black "Miezis, Normunds"]
[Result "1/2-1/2"]
[WhiteElo "2334"]
[BlackElo "2434"]
[PlyCount "61"]
[EventDate "2018.??.??"]
[BlackTeam "SC Emmendingen 1937 e.V."]

1. d4 Nf6 2. c4 e6 3. g3 Bb4+ 4. Bd2 a5 5. Bg2 d5 6. Nf3 O-O 7. O-O dxc4 8. Qc2
Nc6 9. Qxc4 Ne4 10. Bf4 Be7 11. Nc3 Nd6 12. Bxd6 cxd6 13. e4 Nb4 14. a3 Na6 15.
b4 Bd7 16. b5 Nc7 17. a4 Rc8 18. Qd3 Na8 19. Nd2 Nb6 20. Nb3 Nc4 21. Rfc1 Rc7
22. Nd1 Qc8 23. Rc2 Nb6 24. Rxc7 Qxc7 25. Rc1 Qb8 26. Nb2 Rc8 27. Rc3 Bd8 28.
Qc2 g6 29. Rxc8 Nxc8 30. Qc3 b6 31. Nd1 1/2-1/2

[Event "30. Staufer-Open (A)"]
[Site "?"]
[Date "2018.01.04"]
[Round "6"]
[White "Krassowizkij, Jaroslaw"]
[Black "Buckels, Valentin"]
[Result "1/2-1/2"]
[WhiteElo "2433"]
[BlackElo "2332"]
[PlyCount "32"]
[EventDate "2018.??.??"]
[WhiteTeam "SV Jedesheim 1921"]
[BlackTeam "Schachverein Mülheim-Nord 1931 e"]

1. d4 Nf6 2. c4 e6 3. Nc3 Bb4 4. e3 b6 5. Nf3 Ne4 6. Qc2 Bb7 7. Bd3 f5 8. O-O
Nxc3 9. bxc3 Bxf3 10. gxf3 Bd6 11. e4 Qh4 12. e5 Be7 13. f4 Qg4+ 14. Kh1 Qf3+
15. Kg1 Qg4+ 16. Kh1 Qf3+ 1/2-1/2

[Event "30. Staufer-Open (A)"]
[Site "?"]
[Date "2018.01.04"]
[Round "6"]
[White "Walter, Andreas"]
[Black "Naumkin, Igor"]
[Result "0-1"]
[WhiteElo "2127"]
[BlackElo "2394"]
[PlyCount "102"]
[EventDate "2018.??.??"]
[WhiteTeam "Schachverein Mülheim-Nord 1931 e"]

1. d4 e6 2. c4 f5 3. Nf3 Nf6 4. Nc3 Bb4 5. Qb3 Qe7 6. g3 b6 7. Bg2 Bb7 8. O-O
Bxc3 9. bxc3 O-O 10. d5 Na6 11. Ba3 Nc5 12. Nd4 Rae8 13. Bxc5 Qxc5 14. dxe6
Bxg2 15. Kxg2 dxe6 16. Qb5 Ne4 17. Qxc5 Nxc5 18. Nc6 a6 19. Rfd1 f4 20. gxf4
Rxf4 21. Rd4 Rf6 22. f4 h6 23. h4 Na4 24. Rc1 Nc5 25. e3 Kh7 26. Ne5 Rf5 27.
Kf3 Ref8 28. Kg4 Rxe5 29. fxe5 Rf2 30. Rd8 h5+ 31. Kh3 Rxa2 32. Rc8 Nd3 33. Rf1
Nxe5 34. Rxc7 Re2 35. Kg3 Rxe3+ 36. Kf4 Ng4 37. Rd1 e5+ 38. Kf5 Rf3+ 39. Ke6
Rf6+ 40. Kd7 e4 41. Re1 e3 42. Kc8 Re6 43. Re2 Kg6 44. Kb7 Kf5 45. Rc6 Rxc6 46.
Kxc6 Ke4 47. Kxb6 Kd3 48. Re1 Kxc4 49. Rc1 e2 50. Kxa6 Kd3 51. c4 Kd2 0-1

[Event "30. Staufer-Open (A)"]
[Site "?"]
[Date "2018.01.04"]
[Round "6"]
[White "Chudinovskikh, Alexander M"]
[Black "Plat, Vojtech"]
[Result "0-1"]
[WhiteElo "2225"]
[BlackElo "2569"]
[PlyCount "160"]
[EventDate "2018.??.??"]
[BlackTeam "SC Weiler im Allgäu e. V."]

1. d4 Nf6 2. Nc3 d5 3. Bf4 e6 4. e3 a6 5. Bd3 c5 6. Nf3 Nc6 7. O-O Bd6 8. Bxd6
Qxd6 9. dxc5 Qxc5 10. e4 d4 11. Ne2 e5 12. c3 dxc3 13. Rc1 Bg4 14. Rxc3 Qe7 15.
Ng3 O-O 16. h3 Bxf3 17. Qxf3 g6 18. Rfc1 Rfd8 19. Qe3 Rd4 20. Bc4 Rd7 21. a3
Nd4 22. Ba2 Rad8 23. Kh2 Kg7 24. Rc8 Rxc8 25. Rxc8 Rc7 26. Rxc7 Qxc7 27. Nf5+
Nxf5 28. exf5 b5 29. fxg6 hxg6 30. g3 Qc2 31. Qa7 Kh6 32. Qe3+ g5 33. Bxf7 Qxb2
34. Be6 Qd4 35. Qf3 e4 36. Qf5 e3 37. fxe3 Qd2+ 38. Kh1 Nh5 39. Qf8+ Ng7 40.
Bg8 Qd1+ 41. Kg2 Qc2+ 42. Qf2 Qe4+ 43. Kh2 Nf5 44. Qb2 Kg6 45. Qb3 Nd6 46. Bd5
Qe5 47. e4 Nxe4 48. Qd3 Qb2+ 49. Kh1 Qc1+ 50. Kg2 Qd2+ 51. Qxd2 Nxd2 52. Kf2
Kf6 53. Ba2 Ne4+ 54. Ke3 Nxg3 55. Kd4 Ne2+ 56. Kc5 Nc3 57. Bb3 a5 58. Kd4 Nb1
59. a4 b4 60. Bc2 Nd2 61. Bd1 Ke6 62. Kd3 Nb1 63. Kd4 Kd6 64. Kc4 Nc3 65. Bc2
Kc6 66. Bg6 Kd6 67. Bc2 Ne2 68. Bd1 Nf4 69. Bg4 Nd5 70. Bh5 Nc3 71. Bg6 Nxa4
72. Kb5 Nc3+ 73. Kxa5 Kc5 74. Bf7 Ne2 75. Bg6 Kc4 76. Ka4 Kc3 77. Bh5 Nf4 78.
Bg4 b3 79. Ka3 b2 80. Ka2 Kc2 0-1

[Event "30. Staufer-Open (A)"]
[Site "?"]
[Date "2018.01.04"]
[Round "6"]
[White "Dgebuadze, Alexandre"]
[Black "Hentrich, Johannes"]
[Result "1-0"]
[WhiteElo "2521"]
[BlackElo "2181"]
[PlyCount "39"]
[EventDate "2018.??.??"]
[WhiteTeam "SC Remagen-Sinzig"]

1. e4 c5 2. Nc3 d6 3. Nge2 Nf6 4. g3 e6 5. Bg2 Nc6 6. d4 cxd4 7. Nxd4 Nxd4 8.
Qxd4 Be7 9. O-O O-O 10. e5 dxe5 11. Qxe5 Qb6 12. a4 Bc5 13. a5 Bxf2+ 14. Kh1
Qd4 15. Qe2 Bxg3 16. hxg3 e5 17. Ra4 Bg4 18. Qe1 Qd7 19. Qxe5 Bh3 20. Qb5 1-0

[Event "30. Staufer-Open (A)"]
[Site "?"]
[Date "2018.01.04"]
[Round "6"]
[White "Gassmann, Volker"]
[Black "Velicka, Petr"]
[Result "0-1"]
[WhiteElo "2148"]
[BlackElo "2429"]
[PlyCount "104"]
[EventDate "2018.??.??"]
[WhiteTeam "Schachfreunde Essen-Katernberg 0"]
[BlackTeam "SG Schwäbisch Gmünd 1872 e.V"]

1. d4 d5 2. c4 c6 3. cxd5 cxd5 4. Nc3 Nf6 5. Nf3 Nc6 6. Bf4 a6 7. e3 Bg4 8. Be2
e6 9. O-O Be7 10. h3 Bh5 11. Rc1 O-O 12. a3 Rc8 13. b4 b5 14. Nd2 Bxe2 15. Qxe2
Nd7 16. Nb3 Nb6 17. Nc5 Bxc5 18. dxc5 Nc4 19. Rfd1 Qe7 20. Ra1 Rfd8 21. Qg4 Qf6
22. Ne2 Qg6 23. Bg5 N4e5 24. Nf4 Nxg4 25. Nxg6 Rd7 26. hxg4 hxg6 27. e4 d4 28.
Bf4 a5 29. Bd6 a4 30. Rd3 g5 31. Rad1 e5 32. Rh3 f6 33. Rdd3 Nd8 34. Rh1 Nb7
35. Bxe5 fxe5 36. Rh5 Nd8 37. Rxg5 Nc6 38. Kf1 Rf8 39. Rh5 Rf4 40. f3 g6 41.
Rh6 Kg7 42. Rh1 Rf8 43. Ke2 Rh8 44. Rdd1 Kg8 45. Rxh8+ Kxh8 46. Rh1+ Rh7 47.
Rxh7+ Kxh7 48. g5 Kg7 49. g3 Kf7 50. f4 Nxb4 51. axb4 a3 52. c6 Ke8 0-1

[Event "30. Staufer-Open (A)"]
[Site "?"]
[Date "2018.01.04"]
[Round "6"]
[White "Kraus, Tomas"]
[Black "Carow, Annelen"]
[Result "1-0"]
[WhiteElo "2426"]
[BlackElo "2110"]
[PlyCount "113"]
[EventDate "2018.??.??"]
[BlackTeam "Sfr.Heidesheim"]

1. d4 Nf6 2. Bf4 e6 3. e3 c5 4. Nd2 Be7 5. c3 O-O 6. Bd3 b6 7. Qe2 d5 8. Ngf3
Bb7 9. Ne5 Nc6 10. Rd1 Qc8 11. Bg5 Nd7 12. h4 Ncxe5 13. dxe5 Re8 14. Bxe7 Rxe7
15. Qh5 Nf8 16. Rh3 f5 17. exf6 gxf6 18. Rg3+ Rg7 19. Rxg7+ Kxg7 20. e4 Ba6 21.
Qg4+ Kh8 22. Bxa6 Qxa6 23. Qf4 Kg7 24. Qc7+ Kg8 25. exd5 exd5 26. Qc6 Qc8 27.
Qxd5+ Qe6+ 28. Ne4 Re8 29. Kf1 Kg7 30. Qxe6 Rxe6 31. Nd6 Kg6 32. Rd5 h5 33. f4
f5 34. g3 Nd7 35. Nc4 Nf6 36. Ne5+ Kg7 37. Rd8 a6 38. Ra8 Ne4 39. Ra7+ Kg8 40.
Rxa6 Nxg3+ 41. Kg2 Ne4 42. Ra8+ Kg7 43. Ra7+ Kg8 44. a4 Nf6 45. Ra8+ Kg7 46.
Rd8 Ng4 47. Rd7+ Kg8 48. Rb7 Nf6 49. Kf3 Kf8 50. Nc4 Nd5 51. Ne5 Ke8 52. Rg7
Nf6 53. Rg5 Rd6 54. Rxf5 Ke7 55. Nc4 Rc6 56. Re5+ Kf7 57. Rxh5 1-0

[Event "30. Staufer-Open (A)"]
[Site "?"]
[Date "2018.01.04"]
[Round "6"]
[White "Mariano, Elia"]
[Black "Sinz, Bernhard"]
[Result "0-1"]
[WhiteElo "2213"]
[BlackElo "2400"]
[PlyCount "68"]
[EventDate "2018.??.??"]
[BlackTeam "TG Biberach"]

1. d4 d5 2. c4 e6 3. Nc3 c6 4. e3 Bd6 5. Nf3 f5 6. g3 Nf6 7. Bg2 O-O 8. O-O
Nbd7 9. b3 b6 10. cxd5 exd5 11. Qc2 Ba6 12. Rd1 Ne4 13. Bb2 Qe7 14. Ne5 Nxe5
15. Nxe4 Nf3+ 16. Bxf3 fxe4 17. Bg2 Bb7 18. a4 a5 19. Qc1 b5 20. axb5 cxb5 21.
Bc3 a4 22. bxa4 bxa4 23. Qd2 Bc6 24. Bf1 h5 25. Rdb1 Rab8 26. Qd1 h4 27. Qh5
Qf6 28. Be1 hxg3 29. hxg3 Rxb1 30. Rxb1 Bxg3 31. Rb2 a3 32. Ra2 Bd6 33. f4 exf3
34. Bd3 Qh6 0-1

[Event "30. Staufer-Open (A)"]
[Site "?"]
[Date "2018.01.04"]
[Round "6"]
[White "Hahn, Florian"]
[Black "Schulz, Karsten"]
[Result "1/2-1/2"]
[WhiteElo "2136"]
[BlackElo "2293"]
[PlyCount "66"]
[EventDate "2018.??.??"]
[WhiteTeam "SJ Herborn 1998"]
[BlackTeam "SF Schwerin"]

1. Nf3 Nf6 2. c4 d6 3. d4 Nbd7 4. g3 e5 5. Nc3 Be7 6. Bg2 O-O 7. O-O c6 8. e4
Qc7 9. Qc2 a6 10. Rd1 b5 11. b3 Bb7 12. h3 Rfe8 13. Be3 Bf8 14. dxe5 dxe5 15.
Rd2 Rad8 16. Rad1 Bb4 17. Ne1 bxc4 18. bxc4 Qa5 19. Rd3 Nc5 20. Rxd8 Rxd8 21.
Rxd8+ Qxd8 22. Qb2 Qa5 23. Bxc5 Bxc5 24. Qxb7 Qxc3 25. Nf3 Qxc4 26. Qc8+ Bf8
27. Nxe5 Qxa2 28. Nxc6 Qe6 29. Qxa6 Nxe4 30. Bxe4 Qxe4 31. Qc8 g6 32. Nb8 Qe1+
33. Kg2 Qe4+ 1/2-1/2

[Event "30. Staufer-Open (A)"]
[Site "?"]
[Date "2018.01.04"]
[Round "6"]
[White "Richter, Gerald"]
[Black "Jurek, Josef"]
[Result "1/2-1/2"]
[WhiteElo "2077"]
[BlackElo "2260"]
[PlyCount "66"]
[EventDate "2018.??.??"]
[WhiteTeam "Siegener SV"]
[BlackTeam "SG Schwäbisch Gmünd 1872 e.V"]

1. d4 Nf6 2. c4 e6 3. Nf3 b6 4. g3 Bb7 5. Bg2 Be7 6. O-O O-O 7. Nc3 Na6 8. Bf4
Qc8 9. a3 d5 10. cxd5 exd5 11. Rc1 c5 12. Ne5 Qe6 13. e3 Rfd8 14. h4 Nd7 15.
Nf3 h6 16. Kh2 f6 17. h5 Nf8 18. Nh4 Qf7 19. Nf5 Kh8 20. g4 Ne6 21. Ne2 Nac7
22. Kg1 Ba6 23. Bxc7 Nxc7 24. Nf4 Bd6 25. Ng6+ Kg8 26. Re1 Bb7 27. Nxd6 Rxd6
28. dxc5 bxc5 29. Rxc5 Rad8 30. Ra5 a6 31. Qd2 Ne6 32. Qb4 Ng5 33. Rd1 Kh7
1/2-1/2

[Event "30. Staufer-Open (A)"]
[Site "?"]
[Date "2018.01.04"]
[Round "6"]
[White "Kersten, Uwe"]
[Black "Karimi, Farhad"]
[Result "1-0"]
[WhiteElo "2247"]
[BlackElo "2087"]
[PlyCount "69"]
[EventDate "2018.??.??"]
[WhiteTeam "Kasseler SK 1876"]
[BlackTeam "Satranç Club 2000 e.V."]

1. e4 c5 2. Nf3 Nc6 3. Bb5 Nf6 4. Bxc6 dxc6 5. d3 Bg4 6. h3 Bh5 7. Bf4 Nd7 8.
g4 Bg6 9. Nc3 Qa5 10. Qd2 O-O-O 11. O-O-O f6 12. e5 e6 13. Rhe1 Bf7 14. Kb1 c4
15. Ne4 Bb4 16. Nd6+ Kb8 17. Nxf7 Bxd2 18. Bxd2 Qd5 19. Re3 Rdf8 20. dxc4 Qxc4
21. Nxh8 Rxh8 22. b3 Qc5 23. Bc3 Qe7 24. Red3 Nb6 25. Bb2 h6 26. c4 Kc8 27. Rd6
Rf8 28. Nd4 Rd8 29. Nxc6 Qxd6 30. Nxa7+ Kb8 31. Rxd6 Rxd6 32. exd6 Kxa7 33. Bd4
Ka6 34. Bxb6 Kxb6 35. b4 1-0

[Event "30. Staufer-Open (A)"]
[Site "?"]
[Date "2018.01.04"]
[Round "6"]
[White "Krastev, Alexander"]
[Black "Henrich, Thomas"]
[Result "1-0"]
[WhiteElo "2004"]
[BlackElo "2240"]
[PlyCount "63"]
[EventDate "2018.??.??"]
[WhiteTeam "Biebertaler Schachfreunde"]
[BlackTeam "SK Marburg 1931/72"]

1. e4 e6 2. Nf3 c5 3. Nc3 a6 4. g3 b5 5. d4 cxd4 6. Nxd4 Bb7 7. Bg2 Nf6 8. O-O
b4 9. Na4 Qa5 10. c4 Nc6 11. b3 Nxd4 12. Qxd4 d6 13. Re1 Nd7 14. Bb2 Bc6 15. a3
Bxa4 16. axb4 Qxb4 17. Bc3 Qxb3 18. Reb1 e5 19. Qd5 Nb6 20. Qb7 Qxc4 21. Rxb6
Rd8 22. Bf1 Qxc3 23. Rxa4 Qc8 24. Raxa6 Be7 25. Bb5+ Kf8 26. Ra7 Qe6 27. Bc4
Qf6 28. Rc6 Re8 29. Rc8 g6 30. Raa8 Bd8 31. Rxd8 Rxd8 32. Rxd8+ 1-0

[Event "30. Staufer-Open (A)"]
[Site "?"]
[Date "2018.01.04"]
[Round "6"]
[White "Hund, Sarah"]
[Black "Hecht, Carsten"]
[Result "0-1"]
[WhiteElo "1964"]
[BlackElo "2232"]
[PlyCount "50"]
[EventDate "2018.??.??"]
[WhiteTeam "Karlsruher SF 1853"]
[BlackTeam "LSV Turm Lippstadt"]

1. e4 c5 2. Nc3 Nc6 3. f4 g6 4. Nf3 Bg7 5. Bb5 Nd4 6. O-O e6 7. e5 a6 8. Bd3 f5
9. b3 d6 10. Ba3 Nh6 11. Kh1 O-O 12. Nxd4 cxd4 13. Ne2 Nf7 14. Nxd4 Re8 15. Nf3
dxe5 16. fxe5 Nxe5 17. Nxe5 Bxe5 18. Rb1 Qh4 19. g3 Bxg3 20. Qe2 Bd7 21. Kg1
Bc6 22. Bb2 Qg5 23. Rf3 Be5+ 24. Kf1 Bxb2 25. Rxb2 Bxf3 0-1

[Event "30. Staufer-Open (A)"]
[Site "?"]
[Date "2018.01.04"]
[Round "6"]
[White "Bader, Gerd"]
[Black "Gschnitzer, Adrian"]
[Result "0-1"]
[WhiteElo "2105"]
[BlackElo "2394"]
[PlyCount "112"]
[EventDate "2018.??.??"]
[WhiteTeam "SG Schwäbisch Gmünd 1872 e.V"]
[BlackTeam "SV Walldorf"]

1. Nf3 c5 2. d3 Nc6 3. e4 g6 4. g3 Bg7 5. Bg2 e6 6. O-O Nge7 7. c3 O-O 8. Re1
d5 9. Nbd2 b6 10. e5 Qc7 11. Qe2 h6 12. h4 Ba6 13. Nf1 b5 14. Bf4 b4 15. Qd2
Kh7 16. N1h2 Rfe8 17. Ng4 Nf5 18. Bh3 bxc3 19. bxc3 d4 20. c4 Bb7 21. Bg2 Rab8
22. Rab1 Ba8 23. Rxb8 Qxb8 24. Qc2 Qc7 25. Ngh2 Rb8 26. Ng4 Nb4 27. Qe2 Bxf3
28. Bxf3 Qa5 29. Nf6+ Kh8 30. Be4 Nxa2 31. Bxf5 Nc3 32. Qf3 exf5 33. Rf1 Qd8
34. Nd5 Rb1 35. Rxb1 Nxb1 36. Qd1 Nc3 37. Qf3 a5 38. Bd2 Nxd5 39. cxd5 Bxe5 40.
Bxh6 a4 41. Qd1 Qa5 42. Bd2 Qb5 43. Qe2 Bd6 44. Bf4 Bxf4 45. gxf4 Qd7 46. Qe5+
Kh7 47. d6 a3 48. Qxc5 Qa4 49. Qc7 a2 50. Qxf7+ Kh6 51. Qf8+ Kh5 52. Qf6 a1=Q+
53. Kh2 Kg4 54. Qxg6+ Kf3 55. Qg2+ Ke2 56. f3+ Kxd3 0-1

[Event "30. Staufer-Open (A)"]
[Site "?"]
[Date "2018.01.04"]
[Round "6"]
[White "Skembris, Spyridon"]
[Black "Gabriel, Josef"]
[Result "1-0"]
[WhiteElo "2387"]
[BlackElo "2119"]
[PlyCount "54"]
[EventDate "2018.??.??"]
[WhiteTeam "SC Grunbach"]
[BlackTeam "Stuttgarter SF 1879"]

1. c4 e5 2. g3 Nc6 3. Bg2 Nf6 4. Nc3 Bb4 5. Nd5 Bc5 6. e3 d6 7. Ne2 O-O 8. a3
a6 9. b3 Ba7 10. Bb2 Nb8 11. d4 Nbd7 12. O-O Re8 13. Nxf6+ Qxf6 14. Nc3 Qd8 15.
Qd2 exd4 16. exd4 Nf8 17. Rfe1 Ne6 18. Ne4 h6 19. d5 Ng5 20. Qc3 f6 21. Nxg5
hxg5 22. Qd3 Bd7 23. Be4 Re7 24. Bc3 Rc8 25. Bh7+ Kf8 26. Rxe7 Qxe7 27. Re1 Qd8
{Rest unleserlich} 1-0

[Event "30. Staufer-Open (A)"]
[Site "?"]
[Date "2018.01.04"]
[Round "6"]
[White "Höglauer, Patrick"]
[Black "Haselhorst, Helmut"]
[Result "1-0"]
[WhiteElo "2343"]
[BlackElo "2093"]
[PlyCount "72"]
[EventDate "2018.??.??"]
[WhiteTeam "SC Grunbach"]
[BlackTeam "Schachclub Steinfurt 1996 e.V."]

1. d4 Nf6 2. c4 g6 3. Nc3 Bg7 4. e4 d6 5. Nf3 O-O 6. h3 c5 7. d5 e6 8. Bd3 exd5
9. exd5 Re8+ 10. Be3 Bf5 11. Bxf5 gxf5 12. O-O Ne4 13. Nxe4 fxe4 14. Nd2 Qf6
15. Rb1 Qg6 16. Bf4 f5 17. Kh1 Nd7 18. b4 b6 19. Qa4 Ne5 20. bxc5 dxc5 21. Rb3
Nd3 22. Bc7 Kh8 23. d6 Rg8 24. Rxd3 exd3 25. Qc6 Rae8 26. Qd5 Bf6 27. d7 Ref8
28. Rg1 h5 29. Nf3 Bd8 30. Ne5 Qg7 31. Bxd8 Rxd8 32. Nf7+ Kh7 33. Qxf5+ Qg6 34.
Qd5 Kg7 35. Nxd8 Rxd8 36. Rd1 Qf7 1-0

[Event "30. Staufer-Open (A)"]
[Site "?"]
[Date "2018.01.04"]
[Round "6"]
[White "Spitzl, Vinzent"]
[Black "Hoffmann, Sebastian"]
[Result "1/2-1/2"]
[WhiteElo "2290"]
[BlackElo "2072"]
[PlyCount "97"]
[EventDate "2018.??.??"]
[WhiteTeam "SV Griesheim 1976"]
[BlackTeam "SC Noris-Tarrasch Nürnberg 1873"]

1. e4 d5 2. exd5 Qxd5 3. Nf3 Bg4 4. Be2 Nc6 5. h3 Bxf3 6. Bxf3 Qe6+ 7. Qe2 Nd4
8. Qxe6 Nxf3+ 9. gxf3 fxe6 10. b3 Nf6 11. Bb2 g6 12. Nc3 Bg7 13. Ne4 Nh5 14.
Bxg7 Nxg7 15. h4 Rf8 16. Rh3 Rf5 17. O-O-O Kd7 18. d4 Raf8 19. Rd3 Nh5 20. Nc5+
Kd6 21. Re3 Nf4 22. Rg3 b6 23. Ne4+ Kd7 24. c4 Rh5 25. Rg4 Nh3 26. Ng5 Nxg5 27.
hxg5 Rh2 28. Rge4 Rxf2 29. Rxe6 Rf7 30. a4 R2xf3 31. Rxe7+ Rxe7 32. Rxf3 Ke8
33. Kd2 Kd7 34. Kc3 a5 35. d5 Re4 36. b4 Rg4 37. bxa5 bxa5 38. c5 Rxg5 39. Kc4
Rf5 40. Rd3 h5 41. Kb5 h4 42. d6 Rh5 43. Kc4 h3 44. c6+ Kd8 45. d7 Rh4+ 46. Kc5
Rh5+ 47. Kc4 Rh4+ 48. Kc5 Rh5+ 49. Kc4 1/2-1/2

[Event "30. Staufer-Open (A)"]
[Site "?"]
[Date "2018.01.04"]
[Round "6"]
[White "Weißbeck, Simon"]
[Black "Metz, Hartmut"]
[Result "0-1"]
[WhiteElo "2065"]
[BlackElo "2281"]
[PlyCount "80"]
[EventDate "2018.??.??"]
[WhiteTeam "Heilbronner SV"]
[BlackTeam "SG Rochade Kuppenheim 1979 e.V."]

1. e4 c6 2. d4 d5 3. e5 Bf5 4. Nf3 e6 5. Be2 Nd7 6. O-O Bg6 7. Be3 Nh6 8. Bg5
Be7 9. Bxe7 Qxe7 10. b3 O-O 11. c4 f6 12. Nc3 Rad8 13. exf6 Qxf6 14. Qd2 Nf5
15. Rad1 Bh5 16. Qf4 Bxf3 17. Bxf3 dxc4 18. bxc4 Nb6 19. Ne4 Qg6 20. Qg5 Nxd4
21. Qxg6 Nxf3+ 22. gxf3 hxg6 23. Ng5 Nxc4 24. Nxe6 Rxd1 25. Rxd1 Re8 26. Ng5
Nb6 27. Rd6 Kf8 28. Kg2 a5 29. Kg3 a4 30. Rd4 Re5 31. f4 Rd5 32. Ne6+ Ke7 33.
Re4 Kd6 34. Nxg7 a3 35. Re6+ Kc5 36. Rxg6 Rd2 37. f5 Rxa2 38. f6 Nd7 39. f7 Ra1
40. Rg5+ Kb6 0-1

[Event "30. Staufer-Open (A)"]
[Site "?"]
[Date "2018.01.04"]
[Round "6"]
[White "Weiß, Oliver"]
[Black "Lenz, Jonas"]
[Result "1-0"]
[WhiteElo "2280"]
[BlackElo "2051"]
[PlyCount "37"]
[EventDate "2018.??.??"]
[WhiteTeam "TG Biberach"]
[BlackTeam "SK Bad Homburg 1927"]

1. d4 Nf6 2. Bg5 Ne4 3. Bf4 c5 4. f3 Qa5+ 5. c3 Nf6 6. d5 Qb6 7. Bc1 e6 8. e4
exd5 9. exd5 Bd6 10. Na3 O-O 11. Bd3 Re8+ 12. Ne2 a6 13. Nc4 Qc7 14. a4 b5 15.
axb5 axb5 16. Rxa8 bxc4 17. Bxc4 Bb7 18. Ra7 Qb6 19. Ra4 1-0